El adelanto de las mujeres a través del trabajo parlamentario : (Record no. 172447)
[ view plain ]
| 000 -CABECERA | |
|---|---|
| campo de control de longitud fija | 00899nam a2200205 a 4500 |
| 005 - FECHA Y HORA DE LA ÚLTIMA TRANSACCIÓN | |
| campo de control | 20250829063919.0 |
| 008 - ELEMENTOS DE LONGITUD FIJA--INFORMACIÓN GENERAL | |
| campo de control de longitud fija | 141020s2007 mx r 000 0 spa d |
| 035 ## - NÚMERO DE CONTROL DEL SISTEMA | |
| Número de control de sistema | UPN01000200346 |
| 049 ## - COLECCIÓN | |
| Colección | CG |
| 050 #4 - SIGNATURA TOPOGRÁFICA DE LA BIBLIOTECA DEL CONGRESO | |
| Número de clasificación | KGF3008 |
| Número de documento/Ítem | A3.3 |
| 245 03 - MENCIÓN DE TÍTULO | |
| Título | El adelanto de las mujeres a través del trabajo parlamentario : |
| Resto del título | comentarios a las iniciativas de género en la LVII, LVIII y LIX Legislaturas de la Cámara de Diputados / |
| Mención de responsabilidad, etc. | coord. Teresa Incháustegui Romero. |
| 260 ## - PUBLICACIÓN, DISTRIBUCIÓN, ETC. | |
| Lugar de publicación, distribución, etc. | México : |
| Nombre del editor, distribuidor, etc. | Cámara de Diputados, LX Legislatura, Centro de Estudios para el Adelanto de las Mujeres y la Equidad de Género, |
| Fecha de publicación, distribución, etc. | 2007. |
| 300 ## - DESCRIPCIÓN FÍSICA | |
| Extensión | 338 p. + |
| Material acompañante/anejo | 1 CD-ROM ; 4 3/4 plg. |
| 440 #0 - MENCIÓN DE SERIE/ASIENTO SECUNDARIO--TÍTULO | |
| Título | Genero y derecho ; |
| Designación de volumen o secuencia | 4 |
| 650 #4 - ASIENTO SECUNDARIO DE MATERIA - TERMINO TEMATICO | |
| Término de materia o nombre geográfico como elemento de entrada | Igualdad ante la ley |
| Subdivisión geográfica | México |
| 9 (RLIN) | 19246 |
| 650 #2 - ASIENTO SECUNDARIO DE MATERIA - TERMINO TEMATICO | |
| Término de materia o nombre geográfico como elemento de entrada | Derechos civiles |
| Subdivisión geográfica | México |
| 9 (RLIN) | 5184 |
| 650 #4 - ASIENTO SECUNDARIO DE MATERIA - TERMINO TEMATICO | |
| Término de materia o nombre geográfico como elemento de entrada | Estudios de género |
| 9 (RLIN) | 20662 |
| 700 1# - ASIENTO SECUNDARIO--NOMBRE DE PERSONAL | |
| Nombre de persona | Incháustegui Romero, Teresa, |
| Término indicativo de función/relación | coord. |
| 905 ## - TIPO DE MATERIAL | |
| Tipo de material | Libro |
| Estado de retiro | Estado de pérdida | Fuente del sistema de clasificación o colocación | Estado dañado | No para préstamo | Código de colección | Localización permanente | Ubicación/localización actual | Ubicación en estantería | Fecha de adquisición | Total de préstamos | Clasificación | Código de barras | Fecha visto por última vez | Fecha del último préstamo | Número de copia | Tipo de ítem Koha | Precio válido a partir de | Nota pública |
|---|---|---|---|---|---|---|---|---|---|---|---|---|---|---|---|---|---|---|
| Library of Congress Classification | Colección General | Bib. Gregorio Torres Quintero | Bib. Gregorio Torres Quintero | Planta baja | 31/03/2023 | 1 | KGF3008 A3.3 | 301091 | 02/05/2023 | 31/03/2023 | 1 | Libro | ||||||
| Library of Congress Classification | Colección General | Bib. Gregorio Torres Quintero | Bib. Gregorio Torres Quintero | Planta baja | 11/05/2023 | 1 | KGF3008 A3.3 | 301092 | 25/05/2023 | 11/05/2023 | 1 | Libro | ||||||
| Library of Congress Classification | Materiales complementarios y otros recursos electrónicos | Bib. Gregorio Torres Quintero | Bib. Gregorio Torres Quintero | Mostrador de préstamo Planta baja | 24/09/2024 | KGF3008 A3.3 | 340006 | 24/09/2024 | Disco Compacto | 24/09/2024 | Solicítalo en el mostrador de préstamo |
